Pokemon - Neuvième Génération - Statistiques

Statistiques générales
  • Ce quiz a été pris 34 fois
  • Le résultat moyen est 78 sur 120
Statistiques - réponses
Hint Réponse % Correct
0913 Canarbello
100%
0909 Chochodile
100%
0910 Crocogril
100%
0911 Flamigator
100%
0908 Miascarade
100%
0914 Palmaval
100%
0906 Poussacha
100%
0912 Coiffeton
90%
0984 Fort-Ivoire
90%
1007 Koraidon
90%
0907 Matourgeon
90%
1008 Miraidon
90%
0967 Motorizard
90%
1024 Terapagos
90%
0995 Epine-de-Fer
80%
0916 Fragroin
80%
0915 Gourmelet
80%
0985 Hurle-Queue
80%
0978 Nigirigon
80%
1025 Pechaminus
80%
0990 Roue-de-Fer
80%
0940 Zapetrel
80%
0939 Ampibidou
70%
0975 Balbaleze
70%
0935 Charbambin
70%
1023 Chef-de-Fer
70%
0976 Delestin
70%
1003 Dinglu
70%
1016 Favianos
70%
1014 Felicanis
70%
1020 Feu-Perçant
70%
0918 Filentrappe
70%
0973 Flamenroule
70%
1015 Fortusimia
70%
0941 Fulgulairo
70%
1006 Garde-de-Fer
70%
0934 Gigansel
70%
0991 Hotte-de-Fer
70%
1021 Ire-Foudre
70%
0962 Lestombaile
70%
0937 Malvalame
70%
1017 Ogerpon
70%
0928 Olivini
70%
0989 Pelage-Sable
70%
0921 Pohm
70%
0923 Pohmarmotte
70%
0922 Pohmotte
70%
1022 Roc-de-Fer
70%
1005 Rugit-Lune
70%
1009 Serpente-Eau
70%
0960 Taupikeau
70%
0948 Terracool
70%
0949 Terracruel
70%
0980 Terraiste
70%
1013 Theffroyable
70%
0917 Tissenboule
70%
0961 Triopikeau
70%
1010 Vert-de-Fer
70%
0965 Vrombi
70%
0966 Vrombotor
70%
1004 Yuyu
70%
0933 Amassel
60%
0930 Arboliva
60%
1002 Baojian
60%
0927 Briochien
60%
0936 Carmadura
60%
0963 Dofin
60%
0981 Farigiraf
60%
0968 Ferdeter
60%
0987 Flotte-Meche
60%
0986 Fongus-Furie
60%
0942 Grondogue
60%
0994 Mite-de-Fer
60%
0977 Oyacata
60%
0926 Patachiot
60%
0992 Paume-de-Fer
60%
0974 Pietace
60%
1012 Poltchageist
60%
1019 Pomdorochi
60%
1011 Pomdramour
60%
0988 Rampe-Ailes
60%
0983 Scalpereur
60%
0964 Superdofin
60%
0945 Tag-Tag
60%
0938 Tetampoule
60%
0993 Tetes-de-Fer
60%
0971 Toutombe
60%
1001 Chongjian
50%
0956 Cleopsytra
50%
0979 Courrousinge
50%
0950 Craparoi
50%
0997 Cryodo
50%
0943 Dogrino
50%
0970 Floreclat
50%
0959 Forgelina
50%
0958 Forgella
50%
0957 Forgerette
50%
0996 Frigodo
50%
0920 Gambex
50%
0969 Germeclat
50%
0998 Glaivodo
50%
0944 Gribouraigne
50%
1000 Gromago
50%
0919 Lilliterelle
50%
0999 Mordudor
50%
0929 Olivado
50%
1018 Pondralugon
50%
0932 Selutin
50%
0972 Tomberro
50%
0955 Flotillon
40%
0953 Leboulerou
40%
0951 Pimito
40%
0952 Scovilain
40%
0947 Virevorreur
40%
0946 Virovent
40%
0954 Berasca
30%
0924 Compagnol
30%
0982 Deusolourdo
30%
0925 Famignol
30%
0931 Tapatoes
30%
Aucun quiz correspondant
Distribution des résultats
% des personnes avec chaque résultat
Percentile par nombre de réponses
Votre historique - résultats
Vous n’avez pas pris ce quiz